An introduction to the world conservation strategy

Αποθηκεύτηκε σε:
Λεπτομέρειες βιβλιογραφικής εγγραφής
Συλλογικό Έργο: International Union for Conservation of Nature and Natural Resources Commission on Education, International Union for Conservation of Nature and Natural Resources, World Conservation Strategy
Μορφή: Βιβλίο
Γλώσσα:English
Δημοσίευση: [Gland, Switzerland] : IUCN, United Nations Environment Programme, c1984
Θέματα:
Ετικέτες: Προσθήκη ετικέτας
Δεν υπάρχουν, Καταχωρήστε ετικέτα πρώτοι!

MARC

LEADER 00000nam a2200000 i 4500
001 1/73354
008 961029s1984 i eng d
020 |a 2-88032-702-4 
035 |l 10003217 
040 |a GR-MY-UA  |b gre  |e aacr 
041 0 |a eng 
082 0 |a 333.72 
245 1 3 |a An introduction to the world conservation strategy /  |c Prepared for the International Union for Conservation of Nature and Natural Resources by its Commission on Education ; [Text and selection of photographs, Stan Croner] 
260 |a [Gland, Switzerland] :   |b IUCN,   |b United Nations Environment Programme,   |c c1984 
300 |a 28 p.;  |b ill.;  |c 30 cm 
650 0 0 |a Conservation of natural resources  |x International cooperation. 
650 0 0 |a Environmental policy  |x International cooperation. 
710 2 |a International Union for Conservation of Nature and Natural Resources  |b Commission on Education. 
710 2 |a International Union for Conservation of Nature and Natural Resources. 
710 2 |a World Conservation Strategy. 
852 |a INST  |b LESVOS  |e 19961029  |h 333.72 IUC  |p 005100008962  |q 005100008962  |t BK  |y 0 
909 |a Λ  |b 02966